التعليق على قانون الإثبات / (Record no. 24776)
[ view plain ]
| 000 -الفاتح | |
|---|---|
| حقل البيانات ثابتة الطول | 01055nam a22002655a 4500 |
| 003 - محدد رقم الضبط | |
| رقم الضبط | OSt |
| 005 - وقت وتاريخ اخر تعامل مع التسجيلة | |
| رقم الضبط | 20181211111158.0 |
| 008 - عناصر البيانات ثابتة الطول - معلومات عامة | |
| حقل البيانات ثابتة الطول | 170322s2015 ua frb 000 0 ara d |
| 020 ## - الرقم الدولى المعيارى للكتب | |
| الرقم الدولى المعيارى للكتاب | 9789778502510 |
| 040 ## - مصدر الفهرسة | |
| وكالة الفهرسة الأصلية | EG-ScBUE |
| لغة الفهرسة | ara |
| وكالة النسخ | EG-ScBUE |
| 043 ## - رمز المنطقة الجغرافية | |
| رمز المنطقة الجغرافية | f-ua--- |
| 082 04 - رقم تصنيف ديوى العشرى | |
| رقم التصنيف | 347.6206 |
| رقم المادة | د ن ا |
| رقم الطبعة | 22 |
| 100 1# - المدخل الرئيسى - إسم شخصى | |
| الإسم الشخصى | دناصوري، عز الدين. |
| 9 (RLIN) | 41061 |
| 245 12 - بيان العنوان | |
| العنوان | التعليق على قانون الإثبات / |
| بيان المسئوليه,etc | عز الدين الدناصوري، حامد عكاز ؛ قام بإضافة تعديلات قانون 76 لسنة 2007 وتحديث أحكام النقض خيرت راضي. |
| 250 ## - بيان الطبعة | |
| بيان الطبعة | ط. 11. |
| 260 ## - PUBLICATION, DISTRIBUTION, ETC. (IMPRINT) | |
| مكان الناشر او الموزع | الإسكندرية، مصر : |
| اسم الناشر او الموزع | دار المطبوعات الجامعية، |
| تاريخ النشر أو التوزيع | 2015. |
| 300 ## - الوصف المادى | |
| التعداد | 4 مج. ؛ |
| أبعاد الوعاء | 24 سم. |
| 504 ## - تبصرة ببليوجرافية | |
| تبصرة ببليوجرافية,الخ | يشتمل على إرجاعات ببليوجرافية. |
| 650 #7 - المدخل الاضافى بالموضوع-مصطلح موضوعى | |
| مصطلح موضوعي أو اسم جغرافي كعنصر مدخل | الإثبات (قانون) |
| التقسيم الفرعي الجغرافي | مصر. |
| مصدر الرأس أو المصطلح | BUEsh |
| 651 ## - المدخل الاضافى بالموضوع - اسم جغرافى | |
| مصدر الرأس أو المصطلح | BUEsh |
| 653 ## - مصطلح تكشيفى غير مقيد | |
| Resource For college | Law |
| Arrived date list | May2017 |
| -- | December2018 |
| 700 1# - المدخل الاضافى - اسم شخصى | |
| الإسم الشخصى | عكاز، حامد. |
| 700 1# - المدخل الاضافى - اسم شخصى | |
| الإسم الشخصى | راضي، خيرت، |
| الدور | معدل. |
| 942 ## - عناصر المدخل الإضافي( كوها) | |
| مصدر التصنيف او مخطط الترفيف | Dewey Decimal Classification |
| حالة التراجع | حالة الفقد | مصدر التصنيف او خطة الترفيف | حالة تلف | ليس للاعارة | مجموعات كوها | المكان الدائم | المكان الحالي | موقع الترفيف | تاريخ الاكتساب | Source of acquisition | سعر الشراء الطبيعي | تعداد مسلسل / التسلسل الزمني | رقم الاستدعاء | الباركود | Date last seen | التكلفة | نوع الوعاء | تبصرة عامة |
|---|---|---|---|---|---|---|---|---|---|---|---|---|---|---|---|---|---|---|
| Dewey Decimal Classification | Scientific_Group | Central Library | Central Library | First floor | 04/05/2017 | Purchase | 550.00 | 666 | 347.6206 د ن ا | 000041786 | 15/07/2025 | 687.50 | Book - Borrowing | مج. 1 | ||||
| Dewey Decimal Classification | Scientific_Group | Central Library | Central Library | First floor | 04/05/2017 | Purchase | 550.00 | 666 | 347.6206 د ن ا | 000041787 | 15/07/2025 | 687.50 | Book - Borrowing | مج. 2 | ||||
| Dewey Decimal Classification | Scientific_Group | Central Library | Central Library | First floor | 04/05/2017 | Purchase | 550.00 | 666 | 347.6206 د ن ا | 000041788 | 15/07/2025 | 687.50 | Book - Borrowing | مج. 3 | ||||
| Dewey Decimal Classification | Scientific_Group | Central Library | Central Library | First floor | 04/05/2017 | Purchase | 550.00 | 666 | 347.6206 د ن ا | 000041789 | 15/07/2025 | 687.50 | Book - Borrowing | مج. 4 | ||||
| Dewey Decimal Classification | Baccah | Central Library | Central Library | First floor | 11/12/2018 | Purchase | 850.00 | 347.6206 د ن ا | 000044064 | 24/08/2022 | NB - Book (Non borrowing) | مج. 1 | ||||||
| Dewey Decimal Classification | Baccah | Central Library | Central Library | First floor | 11/12/2018 | Purchase | 850.00 | 347.6206 د ن ا | 000044065 | 15/07/2025 | NB - Book (Non borrowing) | مج. 2 | ||||||
| Dewey Decimal Classification | Baccah | Central Library | Central Library | First floor | 11/12/2018 | Purchase | 850.00 | 347.6206 د ن ا | 000044066 | 15/07/2025 | NB - Book (Non borrowing) | مج. 3 | ||||||
| Dewey Decimal Classification | Baccah | Central Library | Central Library | First floor | 11/12/2018 | Purchase | 850.00 | 347.6206 د ن ا | 000044067 | 15/07/2025 | NB - Book (Non borrowing) | مج. 4 |